000 00843nam a2200265 i 4500
001 C2-0260680
003 PPAK
005 20180727230337.0
008 041027s1998 ctua|||| ||||| | eng d
020 _a0717292738
040 _aPPAK
_beng
_cPPAK
_erda
082 0 4 _a612
_223
090 0 0 _a612
_bJOH
_dRK
100 1 _aJohnson, Jinny,
_eauthor
245 1 0 _aBreathing :
_bhow we use air
264 1 _aDanbury, Connecticut :
_bGrolier Educational ,
_c1998
300 _a48 pages :
_bcolour illustrations ;
_c29 cm
336 _2rdacontent
_atext
337 _2rdamedia
_aunmediated
338 _2rdacarrier
_avolume
490 1 _aUnder the microscope
650 1 0 _aHuman physiology - Juvenile literature. ; Human anatomy - Juvenile literature. ; Body, Human - Juvenile literature.
830 0 _aUnder the microscope
942 _ddc
_cB
999 _c71464
_d71464